Ảnh hưởng của 4 mức phân đạm trên lúa sạ vải và gieo theo hàng của giống MTL250 : Vụ hè thu 2000 ; Tiểu luận tốt nghiệp

שמור ב:
מידע ביבליוגרפי
מחבר ראשי: Trần, Tin Tấn
פורמט: ספר
שפה:Undetermined
יצא לאור: Trường ĐH Cần Thơ Viện NC & PTHT Canh tác- Trường ĐH Cần Thơ 2001
נושאים:
תגים: הוספת תג
אין תגיות, היה/י הראשונ/ה לתייג את הרשומה!
Thư viện lưu trữ: Trung tâm Học liệu Trường Đại học Cần Thơ
LEADER 00835nam a2200205Ia 4500
001 CTU_122878
008 210402s9999 xx 000 0 und d
082 |a 633.18 
082 |b T121 
100 |a Trần, Tin Tấn 
245 0 |a Ảnh hưởng của 4 mức phân đạm trên lúa sạ vải và gieo theo hàng của giống MTL250 : 
245 0 |b Vụ hè thu 2000 ; Tiểu luận tốt nghiệp 
245 0 |c Trần Tin Tấn ( Sinh viên thực hiện); Nguyễn Ngọc Đệ, Nguyễn Kim Chung hướng dẫn 
260 |a Trường ĐH Cần Thơ 
260 |b Viện NC & PTHT Canh tác- Trường ĐH Cần Thơ 
260 |c 2001 
650 |a Rice 
650 |x Research 
904 |i Huỳnh Mai 
980 |a Trung tâm Học liệu Trường Đại học Cần Thơ